Countries Closest to Jamaica - 30 Second Sprint - Statistics

General Stats
  • This quiz has been taken 75 times
  • The average score is 8 of 20
Answer Stats
km country miles % Correct
146 Cuba 91
90%
188 Haiti 117
84%
755 United States 469
84%
448 Dominican Republic 279
66%
416 Bahamas 258
64%
916 Mexico 569
64%
999 Belize 621
52%
927 Panama 576
44%
624 Honduras 388
43%
1087 Guatemala 676
38%
624 Nicaragua 388
33%
995 Costa Rica 618
30%
1115 El Salvador 693
26%
1414 St Kitts and Nevis 879
25%
766 Colombia 476
23%
1515 Antigua and Barbuda 941
21%
832 Venezuela 517
20%
883 Aruba 548
7%
973 Curaçao 605
7%
1381 Sint Maarten 858
5%
No matching quizzes found
Score Distribution
Percent of People with Each Score
Percentile by Number Answered
Your Score History
You have not taken this quiz